00367nam a22001217a 4500008004100000100001600041245005600057260001800113300003700131650003600168700002300204773001800227200108b ||||| |||| 00| 0 eng d aSingh, Manu aBharat mei ganthbandhan sarkar ka daur: Ek vivechan bLok Prashasan a11(2), Jul-Dec, 2019: p.225-235. aIndia - Government and politics aMeena, Janak Singh aLok Prashasan